Statistics for South American Capitals By Picture

Click here to take the quiz!

General Stats

  • This quiz has been taken 18 times
  • The average score is 7 of 9

Answer Stats

Answer% Correct
Bogota
94%
Brasilia
89%
Quito
89%
Lima
83%
Buenos Aires
83%
La Paz
78%
Asuncion
78%
Montevideo
78%
Santiago
72%

Score Distribution

Percentile by Number Answered

Percent of People with Each Score

Your Score History

You have not taken this quiz